000 00730nam a22002057a 4500
999 _c167670
_d167670
005 20190916155829.0
010 _aB-729995
020 _a9780143442332
_c250.00
035 _aB-729995
037 _bPuffin Books
082 _aS
100 _aMurty, Sudha
245 _aThe upside-down King:
_bunusual tales about Rama and Krishna /
_cby Sudha Murty
260 _aGurgaon
_bPuffin Books
_c2018
270 _a7th Floor, Infinity Tower C, DLF Cyber City
_bGurgaon (Haryana)
_e122002
300 _a181p.
_c20 cm(pbk)
700 _aGupta, Priyankar
942 _2ddc
_cCH
_hS
_mMUR